|
|
|
|
| LEADER |
00000nab a2200000 ar4500 |
| 001 |
vtls008963663 |
| 003 |
SK-MaSNL |
| 005 |
20260303070754.0 |
| 008 |
070413c2007 xo dr|p|||||||000 b|slo |
| 015 |
|
|
|a SNBRB2007/04
|2 snkbucl
|
| 038 |
|
|
|a SNKBUCL
|
| 040 |
|
|
|a SNKBUCL
|b slo
|c SNKBUCL
|e AACR2
|
| 041 |
|
|
|a slo
|
| 044 |
|
|
|a xo
|c SK
|
| 080 |
|
|
|a 342.565.2:004.772
|x (437.6)
|2 2001
|
| 100 |
1 |
|
|a Šutková, Veronika
|4 aut
|9 1041111
|
| 245 |
1 |
0 |
|a Ústavný súd stále porušuje zákon
|b nové plénum odsúhlasilo, že elektronickú podateľňu nepotrebuje. Zákon hovorí iné
|c Veronika Šutková
|
| 300 |
|
|
|b Fotogr.
|
| 500 |
|
|
|a Od 15.1.2007 návrat k pôvodnému vročeniu
|
| 610 |
1 |
7 |
|a Slovensko.
|b Ústavný súd
|2 snkbucl
|9 17010
|
| 650 |
0 |
7 |
|a elektronické podávanie dokumentov
|2 snkbucl
|9 1032154
|
| 773 |
0 |
|
|t Sme
|g Roč. 15, č. 78 (3.4.2007), s. 2
|x 1335-440X
|
| 852 |
|
|
|a SNK
|b KIS3GCP
|
| 958 |
|
|
|a SK
|
| 999 |
|
|
|c 1756862
|d 1758792
|